Estrategia para la resolución aproximada de ecuaciones diferenciales ordinarias con la aplicación de serie de potencia / (Record no. 14439)
[ view plain ]
| 000 -CABECERA | |
|---|---|
| campo de control de longitud fija | 02827nam a2200469 4500 |
| 001 - NÚMERO DE CONTROL | |
| campo de control | 27335 |
| 003 - IDENTIFICADOR DEL NÚMERO DE CONTROL | |
| campo de control | Biblioteca APEC |
| 005 - FECHA Y HORA DE LA ÚLTIMA TRANSACCIÓN | |
| campo de control | 20251014134039.0 |
| 008 - DATOS DE LONGITUD FIJA--INFORMACIÓN GENERAL | |
| campo de control de longitud fija | 000000t2014 dr ||||| |||| 00| 0 spa d |
| 040 ## - FUENTE DE LA CATALOGACIÓN | |
| Centro/agencia transcriptor | Biblioteca UNAPEC |
| Centro catalogador/agencia de origen | Biblioteca UNAPEC |
| Lengua de catalogación | spa |
| Normas de descripción | rda |
| 041 ## - CÓDIGO DE LENGUA | |
| Código de lengua del texto/banda sonora o título independiente | spa |
| 072 ## - CÓDIGO DE CATEGORÍA DE MATERIA | |
| Código de categoría de materia | Facultad de Humanidades |
| 090 ## - LOCALMENTE ASIGNADO TIPO-LC NÚMERO DE CLASIFICACIÓN (OCLC); NÚMERO DE CLASIFICACIÓN LOCAL (RLIN) | |
| Número de clasificación (OCLC) (R) ; Numero de clasificación, CALL (RLIN) (NR) | TPG-CI MAS-07 2014 |
| 100 1# - ENTRADA PRINCIPAL--NOMBRE DE PERSONA | |
| Nombre de persona | Casilla, Antonio |
| 9 (RLIN) | 97002 |
| Término indicativo de función/relación | autor |
| 245 10 - MENCIÓN DE TÍTULO | |
| Título | Estrategia para la resolución aproximada de ecuaciones diferenciales ordinarias con la aplicación de serie de potencia / |
| Mención de responsabilidad, etc. | Antonio Casilla ; Asesor : Francesco Semerari |
| 260 ## - PUBLICACIÓN, DISTRIBUCIÓN, ETC. | |
| Lugar de publicación, distribución, etc. | Santo Domingo, DO : |
| Nombre del editor, distribuidor, etc. | Universidad APEC, |
| Fecha de publicación, distribución, etc. | 2014 |
| 300 ## - DESCRIPCIÓN FÍSICA | |
| Extensión | 77 hojas |
| 336 ## - TIPO DE CONTENIDO | |
| Término de tipo de contenido | Texto |
| Código de tipo de contenido | txt |
| Fuente | rdacontent |
| 337 ## - TIPO DE MEDIO | |
| Nombre/término del tipo de medio | sin mediación |
| Código del tipo de medio | n |
| Fuente | rdamedia |
| 338 ## - TIPO DE SOPORTE | |
| Nombre/término del tipo de soporte | volumen |
| Código del tipo de soporte | nc |
| Fuente | rdacarrier |
| 500 ## - NOTA GENERAL | |
| Nota general | CAMPUS I |
| 500 ## - NOTA GENERAL | |
| Nota general | Tesis en Formato PDF.<br/>Tesis en Formato Electrónico.<br/>Tesis en Formato Digital. |
| 502 ## - NOTA DE TESIS | |
| Nota de tesis | Tesis (Maestría en Matemática Superior) - Universidad APEC, 2014 |
| 505 ## - NOTA DE CONTENIDO CON FORMATO | |
| Nota de contenido con formato | MARCO CONCEPTUAL Y METODOLOGICO<br/>-Ecuaciones diferenciales ordinarias<br/>-Ecuaciones diferenciales parciales<br/>-Serie<br/>-Serie geométrica<br/>-Transformar funciones racionales a serie geométrica<br/>-Serie de potencia y su desarrollo<br/>-Serie de Maclauren y Taylor<br/>-Transformar funciones trascendentales en serie de potencias<br/>-Clasificar en ecuaciones diferenciales ordinarias los puntos singulares y puntos ordinarios<br/>-Determinar puntos singulares y ordinarios de las siguientes ecuaciones diferenciales ordinarias<br/>-Aplicar serie a ecuaciones diferenciales ordinarias<br/>-Expresar ecuaciones diferenciales ordinarias en fase<br/>-Determinar la solución de ecuaciones diferenciales ordinarias con punto ordinario<br/>-Teorema de Roche Frobenius<br/>-Aplicación sobre ecuaciones diferenciales con puntos singulares regulares<br/>-Marco metodológico<br/>PRESENTACION Y ANALISIS DE RESULTADOS<br/>Conclusiones<br/>Reconocimientos |
| 600 ## - PUNTO DE ACCESO ADICIONAL DE MATERIA--NOMBRE DE PERSONA | |
| Fuente del encabezamiento o término | |
| 650 ## - PUNTO DE ACCESO ADICIONAL DE MATERIA--TÉRMINO DE MATERIA | |
| Término de materia o nombre geográfico como elemento de entrada | Ecuaciones diferenciales |
| 9 (RLIN) | 97003 |
| 650 ## - PUNTO DE ACCESO ADICIONAL DE MATERIA--TÉRMINO DE MATERIA | |
| Término de materia o nombre geográfico como elemento de entrada | Ecuaciones diferenciales |
| Subdivisión general | -Soluciones numéricas |
| 9 (RLIN) | 66422 |
| 650 ## - PUNTO DE ACCESO ADICIONAL DE MATERIA--TÉRMINO DE MATERIA | |
| Término de materia o nombre geográfico como elemento de entrada | Ecuaciones diferenciales parciales |
| 9 (RLIN) | 97004 |
| 650 ## - PUNTO DE ACCESO ADICIONAL DE MATERIA--TÉRMINO DE MATERIA | |
| Término de materia o nombre geográfico como elemento de entrada | Álgebra diferencial |
| 9 (RLIN) | 20867 |
| 650 ## - PUNTO DE ACCESO ADICIONAL DE MATERIA--TÉRMINO DE MATERIA | |
| Término de materia o nombre geográfico como elemento de entrada | Análisis numérico |
| 9 (RLIN) | 97005 |
| 650 ## - PUNTO DE ACCESO ADICIONAL DE MATERIA--TÉRMINO DE MATERIA | |
| Término de materia o nombre geográfico como elemento de entrada | Análisis matemático |
| 9 (RLIN) | 97006 |
| 650 ## - PUNTO DE ACCESO ADICIONAL DE MATERIA--TÉRMINO DE MATERIA | |
| Término de materia o nombre geográfico como elemento de entrada | Ecuaciones diferenciales parciales |
| Subdivisión general | -Soluciones numéricas |
| 9 (RLIN) | 97007 |
| 650 ## - PUNTO DE ACCESO ADICIONAL DE MATERIA--TÉRMINO DE MATERIA | |
| Término de materia o nombre geográfico como elemento de entrada | Cálculo |
| 9 (RLIN) | 97008 |
| 650 ## - PUNTO DE ACCESO ADICIONAL DE MATERIA--TÉRMINO DE MATERIA | |
| Término de materia o nombre geográfico como elemento de entrada | Cálculo numérico |
| 9 (RLIN) | 97009 |
| 650 ## - PUNTO DE ACCESO ADICIONAL DE MATERIA--TÉRMINO DE MATERIA | |
| Término de materia o nombre geográfico como elemento de entrada | Ecuaciones diferenciales |
| Subdivisión general | -Problemas, ejercicios, etc. |
| 9 (RLIN) | 97010 |
| 650 ## - PUNTO DE ACCESO ADICIONAL DE MATERIA--TÉRMINO DE MATERIA | |
| Término de materia o nombre geográfico como elemento de entrada | Ecuaciones diferenciales |
| Subdivisión general | -Procesamiento de datos |
| 9 (RLIN) | 97011 |
| 650 ## - PUNTO DE ACCESO ADICIONAL DE MATERIA--TÉRMINO DE MATERIA | |
| Término de materia o nombre geográfico como elemento de entrada | Universidad APEC |
| Subdivisión general | -Tesis |
| 9 (RLIN) | 97012 |
| 700 1# - PUNTO DE ACCESO ADICIONAL--NOMBRE DE PERSONA | |
| Nombre de persona | Semerari, Francesco |
| 9 (RLIN) | 86387 |
| Término indicativo de función/relación | asesor |
| 856 ## - LOCALIZACIÓN Y ACCESO ELECTRÓNICOS | |
| Identificador Uniforme del Recurso | https://bibliotecaunapec.blob.core.windows.net/tesis/TPG_CI_MAS_07_2014_TPG150154.pdf |
| Texto de enlace | Hacer clic para ver el PDF (10.2 MB). Trabajo de posgrado. |
| 912 ## - | |
| -- | AJRP |
| 942 ## - ELEMENTOS DE PUNTO DE ACCESO ADICIONAL (KOHA) | |
| Fuente del sistema de clasificación o colocación | Clasificación Decimal Dewey |
| Tipo de ítem Koha | Tesis impresa |
No items available.